[Event "Southend op"]
[Site "Southend"]
[Date "2024.03.30"]
[Round "6"]
[White "Badacsonyi, Frankie"]
[Black "Agdelen, Huseyin Can"]
[Result "1/2-1/2"]
[WhiteElo "2160"]
[BlackElo "2408"]
[PlyCount "26"]
[EventDate "2024.03.28"]
[EventType "swiss"]
[EventRounds "9"]
[EventCountry "ENG"]
[SourceTitle "CB14_2024"]
[SourceDate "2024.04.01"]
[SourceVersion "1"]
[SourceVersionDate "2024.04.01"]
[SourceQuality "1"]

1. d4 Nf6 2. c4 e6 3. Nf3 d5 4. g3 Bb4+ 5. Bd2 a5 6. Qc2 0-0 7. Bg2 c5 8. cxd5 cxd4 9. Nxd4 Qb6 10. e3 exd5 11. 0-0 Nc6 12. Nxc6 bxc6 13. Rc1 Bxd2 1/2-1/2

[Event "Peterborough 4NCL Spring"]
[Site "Peterborough"]
[Date "2024.03.27"]
[Round "8"]
[White "Kalavannan, Koby"]
[Black "Agdelen, Huseyin Can"]
[Result "0-1"]
[WhiteElo "2324"]
[BlackElo "2408"]
[PlyCount "66"]
[EventDate "2024.03.23"]
[EventType "tourn"]
[EventRounds "9"]
[EventCountry "ENG"]
[EventCategory "8"]
[SourceTitle "CB13_2024"]
[SourceDate "2024.03.27"]
[SourceVersion "1"]
[SourceVersionDate "2024.03.27"]
[SourceQuality "1"]

1. d4 Nf6 2. Nf3 d5 3. c4 e6 4. g3 dxc4 5. Bg2 a6 6. 0-0 Nc6 7. Re1 Rb8 8. e4 b5 9. Bg5 Be7 10. Nc3 h6 11. e5 hxg5 12. exf6 Bxf6 13. Nd5 Ne7 14. Nxf6+ gxf6 15. h4 Bb7 16. hxg5 fxg5 17. Nxg5 Bxg2 18. Kxg2 Qd5+ 19. Nf3 Ng6 20. Re3 Qf5 21. Ng1 Rh2+ 22. Kxh2 Qxf2+ 23. Kh3 Qxe3 24. Nf3 Ke7 25. Qf1 Rg8 26. Rd1 Nf4+ 27. Kh2 Ne2 28. Re1 Nxg3 29. Qg2 Qf4 30. Kg1 Rg4 31. Ne5 Qxd4+ 32. Kh2 Rh4+ 33. Kxg3 Qf4# 0-1

[Event "Cappelle op 40th"]
[Site "Cappelle la Grande"]
[Date "2024.03.04"]
[Round "4"]
[White "Feryn, Benjamin"]
[Black "Agdelen, Huseyin Can"]
[Result "1/2-1/2"]
[WhiteElo "2182"]
[BlackElo "2408"]
[PlyCount "45"]
[EventDate "2024.03.02"]
[EventType "swiss"]
[EventRounds "9"]
[EventCountry "FRA"]
[SourceTitle "CB11_2024"]
[SourceDate "2024.03.13"]
[SourceVersion "1"]
[SourceVersionDate "2024.03.13"]
[SourceQuality "1"]

1. e4 e5 2. Nc3 Nf6 3. d4 exd4 4. Qxd4 Nc6 5. Qd3 d5 6. Bf4 dxe4 7. Qxd8+ Nxd8 8. Bxc7 Ne6 9. Be5 Ng4 10. Bg3 f5 11. Bb5+ Bd7 12. Bxd7+ Kxd7 13. 0-0-0+ Kc6 14. Nge2 Bc5 15. Rd5 g6 16. h3 Nf6 17. Re5 Rhe8 18. Rd1 b6 19. Na4 f4 20. Nxc5 bxc5 21. Nxf4 Nd4 22. Rxe8 Rxe8 23. c3 1/2-1/2

[Event "SRB-chT 2nd League"]
[Site "Novi Sad"]
[Date "2023.11.08"]
[Round "9.1"]
[White "Agdelen, Huseyin Can"]
[Black "Farkas, Sandor I"]
[Result "1-0"]
[WhiteElo "2401"]
[BlackElo "2082"]
[PlyCount "55"]
[EventDate "2023.11.02"]
[EventType "team-tourn"]
[EventRounds "11"]
[EventCountry "SRB"]
[SourceTitle "CB46_2023"]
[SourceDate "2023.11.15"]
[SourceVersion "1"]
[SourceVersionDate "2023.11.15"]
[SourceQuality "1"]
[WhiteTeam "Novi Sad Vojvodina"]
[BlackTeam "Lajos Segi Bajsa"]
[WhiteTeamCountry "SRB"]
[BlackTeamCountry "SRB"]

1. e4 c5 2. Nf3 d6 3. d4 cxd4 4. Nxd4 Nf6 5. Nc3 a6 6. h3 e5 7. Nb3 h5 8. Bg5 Be7 9. Qd3 Be6 10. f4 Nc6 11. 0-0-0 Rc8 12. Kb1 Qc7 13. Be2 b5 14. Qe3 Nb4 15. a3 Nc6 16. Nd5 Bxd5 17. exd5 Nd4 18. Nxd4 exd4 19. Qb3 Qc5 20. Bf3 a5 21. Rhe1 Kf8 22. Qd3 Nxd5 23. Bxd5 Bxg5 24. Qf5 Bf6 25. Qd7 Qxc2+ 26. Ka2 Qxb2+ 27. Kxb2 d3+ 28. Kb1 1-0

[Event "Teplice op"]
[Site "Teplice"]
[Date "2023.06.13"]
[Round "4"]
[White "Agdelen, Huseyin Can"]
[Black "Kantor, Gergely"]
[Result "1/2-1/2"]
[WhiteElo "2391"]
[BlackElo "2520"]
[PlyCount "58"]
[EventDate "2023.06.10"]
[EventType "swiss"]
[EventRounds "9"]
[EventCountry "CZE"]
[SourceTitle "CBM 214 Extra"]
[Source "ChessBase"]
[SourceDate "2023.07.31"]
[SourceVersion "1"]
[SourceVersionDate "2023.07.31"]
[SourceQuality "1"]

1. e4 e5 2. Nf3 Nc6 3. Nc3 Nf6 4. Bb5 Nd4 5. Bc4 Bc5 6. Nxe5 Qe7 7. Nf3 d5 8. Bxd5 Bg4 9. d3 0-0-0 10. Be3 Nxd5 11. Nxd5 Rxd5 12. exd5 Re8 13. c3 Nxf3+ 14. gxf3 Qh4 15. Kd2 Rxe3 16. fxe3 Qf2+ 17. Kc1 Bxf3 18. Qe1 Bxe3+ 19. Kb1 Bxh1 20. Qxh1 Qe2 21. a3 Qxd3+ 22. Ka2 Qc4+ 23. Kb1 Qd3+ 24. Ka2 Qc4+ 25. Kb1 Qd3+ 26. Ka2 Qc4+ 27. Kb1 Qd3+ 28. Ka2 Qc4+ 29. Kb1 Qd3+ 1/2-1/2

[Event "Ayvalik Begonvil"]
[Site "Ayvalik"]
[Date "2023.05.04"]
[Round "7.4"]
[White "Agdelen, Huseyin Can"]
[Black "Ozalp, Burak"]
[Result "1-0"]
[WhiteElo "2413"]
[BlackElo "2206"]
[PlyCount "101"]
[EventDate "2023.04.30"]
[EventType "schev"]
[EventRounds "9"]
[EventCountry "TUR"]
[SourceTitle "CBM 214 Extra"]
[Source "ChessBase"]
[SourceDate "2023.07.31"]
[SourceVersion "1"]
[SourceVersionDate "2023.07.31"]
[SourceQuality "1"]
[WhiteTeam "Team C"]
[BlackTeam "Team D"]
[WhiteTeamCountry "TUN"]
[BlackTeamCountry "TUR"]

1. e4 c5 2. Nf3 d6 3. d4 cxd4 4. Nxd4 Nf6 5. f3 g6 6. c4 Bg7 7. Nc3 0-0 8. Be3 Nc6 9. Be2 Bd7 10. Qd2 Nxd4 11. Bxd4 Bc6 12. 0-0-0 Qa5 13. Kb1 Rfc8 14. g4 a6 15. h4 b5 16. h5 Rab8 17. hxg6 hxg6 18. g5 Ne8 19. Bxg7 Nxg7 20. Rh6 bxc4 21. Rdh1 Nh5 22. f4 Bxe4+ 23. Nxe4 Qxd2 24. Nxd2 c3 25. Nb3 cxb2 26. Bxh5 gxh5 27. f5 Kf8 28. Rh8+ Kg7 29. R8xh5 Rg8 30. Rh7+ Kf8 31. g6 fxg6 32. f6 exf6 33. Ra7 g5 34. Rhh7 Rg6 35. Nd4 Kg8 36. Nf5 Ra8 37. Rac7 Rc8 38. Rhg7+ Rxg7 39. Rxc8+ Kh7 40. Nxg7 Kxg7 41. Kxb2 Kg6 42. Kc2 Kf5 43. Kd2 Kf4 44. Ke2 d5 45. Rc6 f5 46. Rxa6 g4 47. a4 Kg3 48. a5 f4 49. Kf1 Kf3 50. Rg6 d4 51. a6 1-0

[Event "TUR-ch"]
[Site "Kemer"]
[Date "2022.11.26"]
[Round "2"]
[White "Yaran, Siar"]
[Black "Agdelen, Huseyin Can"]
[Result "0-1"]
[WhiteElo "2291"]
[BlackElo "2416"]
[PlyCount "80"]
[EventDate "2022.11.25"]
[EventType "tourn"]
[EventRounds "9"]
[EventCountry "TUR"]
[EventCategory "5"]
[SourceTitle "CBM 211 Extra"]
[Source "ChessBase"]
[SourceDate "2023.01.31"]
[SourceVersion "1"]
[SourceVersionDate "2023.01.31"]
[SourceQuality "1"]

1. Nf3 d5 2. c4 d4 3. b4 g5 4. Bb2 Bg7 5. Nxg5 e5 6. h4 h6 7. Nh3 Qxh4 8. d3 Qe7 9. Nd2 Qxb4 10. Rb1 Qa5 11. g3 Ne7 12. Bg2 c6 13. 0-0 0-0 14. e3 dxe3 15. fxe3 Bf5 16. Ne4 Nd7 17. Rxf5 Nxf5 18. Qg4 Nxe3 19. Qxd7 Rad8 20. Qe7 Nxg2 21. Kxg2 Qxa2 22. Nc3 Qb3 23. Nf2 Qc2 24. Qa3 f5 25. Rc1 Qd2 26. Rd1 Qg5 27. Qxa7 e4 28. d4 Qh5 29. g4 fxg4 30. Ncxe4 g3 31. Kxg3 Qf3+ 32. Kh2 Qe2 33. Kg1 Qxb2 34. d5 cxd5 35. cxd5 Ra8 36. Qc5 Ra1 37. Rxa1 Qxa1+ 38. Kg2 Bd4 39. Qd6 Bxf2 40. Qe6+ Kh7 0-1

[Event "SRB-chT 2nd League"]
[Site "Vrnjacka Banja"]
[Date "2022.11.11"]
[Round "11.2"]
[White "Agdelen, Huseyin Can"]
[Black "Blagojevic, Dragisa"]
[Result "1/2-1/2"]
[WhiteElo "2416"]
[BlackElo "2480"]
[PlyCount "20"]
[EventDate "2022.11.04"]
[EventType "team-tourn"]
[EventRounds "11"]
[EventCountry "SRB"]
[SourceTitle "CBM 211 Extra"]
[Source "ChessBase"]
[SourceDate "2023.01.31"]
[SourceVersion "1"]
[SourceVersionDate "2023.01.31"]
[SourceQuality "1"]
[WhiteTeam "Novi Sad Vojvodina"]
[BlackTeam "Nova Pazova Mladost"]
[WhiteTeamCountry "SRB"]
[BlackTeamCountry "SRB"]

1. c4 e6 2. Nc3 d5 3. d4 Nf6 4. cxd5 exd5 5. Bg5 c6 6. e3 Bf5 7. Qf3 Bg6 8. Bxf6 Qxf6 9. Qxf6 gxf6 10. Nf3 Nd7 1/2-1/2

[Event "SRB-chT 2nd League"]
[Site "Vrnjacka Banja"]
[Date "2022.11.08"]
[Round "6.3"]
[White "Schekachikhin, Maksim"]
[Black "Agdelen, Huseyin Can"]
[Result "1/2-1/2"]
[WhiteElo "2359"]
[BlackElo "2416"]
[PlyCount "53"]
[EventDate "2022.11.04"]
[EventType "team-tourn"]
[EventRounds "11"]
[EventCountry "SRB"]
[SourceTitle "CBM 211 Extra"]
[Source "ChessBase"]
[SourceDate "2023.01.31"]
[SourceVersion "1"]
[SourceVersionDate "2023.01.31"]
[SourceQuality "1"]
[WhiteTeam "Pancevo Gligoric"]
[BlackTeam "Novi Sad Vojvodina"]
[WhiteTeamCountry "SRB"]
[BlackTeamCountry "SRB"]

1. c4 e6 2. g3 d5 3. Bg2 Nf6 4. Nf3 Be7 5. 0-0 0-0 6. d4 dxc4 7. Ne5 Nc6 8. Bxc6 bxc6 9. Nxc6 Qe8 10. Nxe7+ Qxe7 11. Nc3 Rd8 12. Qa4 Rxd4 13. Be3 e5 14. Qc6 Rb8 15. Bxd4 exd4 16. Nd5 Nxd5 17. Qxd5 c5 18. Qxc4 Bh3 19. b3 Bxf1 20. Kxf1 Re8 21. Rc1 h5 22. Rc2 Qb7 23. f3 h4 24. Kf2 hxg3+ 25. hxg3 Re5 26. b4 Qxb4 27. Qxb4 1/2-1/2